[Event "II Festival Francophone des Echecs"]
[Site "Arvier ITA"]
[Date "2010.07.04"]
[Round "2"]
[White "Suba, Mihai"]
[Black "Mossong, Hubert"]
[Result "1-0"]
[WhiteElo "2454"]
[BlackElo "2170"]
[PlyCount "95"]
[EventDate "2010.07.03"]

1. Nf3 d6 2. d4 Bg4 3. g3 Nd7 4. Bg2 c6 5. h3 Bh5 6. g4 Bg6 7. Nh4 e5 8. Nxg6
hxg6 9. c4 Be7 10. Nc3 Qc7 11. e3 Nh6 12. Rb1 O-O 13. O-O f5 14. f4 Nb6 15. g5
Nf7 16. b3 e4 17. h4 d5 18. c5 Nd7 19. Rb2 Nd8 20. h5 Kf7 21. hxg6+ Kxg6 22.
Bxe4 dxe4 23. Rh2 Kf7 24. Qh5+ Ke6 25. Qg6+ Nf6 26. d5+ cxd5 27. Nb5 Qc8 28.
Nd4+ Kd7 29. Qxf5+ Ke8 30. Qg6+ Nf7 31. Nf5 Qc6 32. Nxg7+ Kd8 33. gxf6 Bxf6 34.
Bb2 Bxg7 35. Qxg7 Ke7 36. Rg2 Rg8 37. Qxg8 Rxg8 38. Rxg8 Qxc5 39. Bd4 Qa5 40.
Rg2 Nd6 41. f5 Nf7 42. Rc1 a6 43. Rg6 Qd2 44. Rc7+ Kd8 45. Rxf7 Qd1+ 46. Kf2
Qd2+ 47. Kg3 Qe1+ 48. Kg4 1-0

[Event "II Festival Francophone des Echecs"]
[Site "Arvier ITA"]
[Date "2010.07.04"]
[Round "2"]
[White "Yeuillaz, Corrado"]
[Black "Petkov, Vladimir"]
[Result "1/2-1/2"]
[WhiteElo "2199"]
[BlackElo "2496"]
[PlyCount "124"]
[EventDate "2010.07.03"]

1. d4 Nf6 2. c4 e6 3. Nc3 Bb4 4. Qc2 O-O 5. Nf3 d5 6. Bg5 c5 7. cxd5 exd5 8. e3
c4 9. Be2 Nbd7 10. O-O Qa5 11. Rfc1 Re8 12. a3 Bxc3 13. Qxc3 Qxc3 14. Rxc3 Ne4
15. Rcc1 Nb6 16. a4 Nxg5 17. Nxg5 Bf5 18. h3 Nc8 19. Nf3 Nd6 20. Nd2 a6 21. Bf3
Be6 22. Nb1 Rad8 23. Nc3 Nf5 24. a5 Rd6 25. Na4 Nh4 26. Bd1 Bf5 27. g3 Ng6 28.
h4 Ne7 29. Nc5 b5 30. axb6 Rxb6 31. b3 cxb3 32. Bxb3 Ra8 33. Ra3 h6 34. Rca1
Bc8 35. Bd1 Nc6 36. Bf3 Nb4 37. Ra5 g5 38. hxg5 hxg5 39. Na4 Rb5 40. Nc3 Rxa5
41. Rxa5 Be6 42. Nxd5 Nxd5 43. Bxd5 Bxd5 44. Rxd5 f6 45. Ra5 Kf7 46. Kf1 g4 47.
Ke2 Ke6 48. e4 Kd6 49. f3 gxf3+ 50. Kxf3 Kc6 51. Ke3 Kb6 52. Rf5 a5 53. Kd3 a4
54. Rxf6+ Kb5 55. Kc3 Rc8+ 56. Kb2 Rc4 57. Rd6 Kb4 58. Rb6+ Ka5 59. Rd6 Kb4 60.
e5 a3+ 61. Kb1 Kb3 62. Rb6+ Ka4 1/2-1/2

[Event "II Festival Francophone des Echecs"]
[Site "Arvier ITA"]
[Date "2010.07.05"]
[Round "3"]
[White "Anfuso, Luigi"]
[Black "Aral, Simone"]
[Result "1/2-1/2"]
[WhiteElo "1790"]
[BlackElo "1449"]
[PlyCount "52"]
[EventDate "2010.07.03"]

1. d4 d5 2. c4 e6 3. Nc3 Nf6 4. Bg5 Be7 5. e3 O-O 6. Nf3 h6 7. Bh4 c6 8. Rc1
Qb6 9. Qc2 dxc4 10. Bxc4 Nbd7 11. O-O Re8 12. Ne5 Nxe5 13. dxe5 Nd5 14. Bxe7
Rxe7 15. Rfd1 Bd7 16. a3 Qc7 17. Qe4 f5 18. exf6 Nxf6 19. Qh4 Rf7 20. Bd3 Rff8
21. Ne4 e5 22. Nxf6+ Rxf6 23. Bb1 Raf8 24. Rd2 Bf5 25. Ba2+ Be6 26. Bb1 Bf5
1/2-1/2

[Event "II Festival Francophone des Echecs"]
[Site "Arvier ITA"]
[Date "2010.07.05"]
[Round "3"]
[White "Astengo, Marcello"]
[Black "Dritsakos, Alessio"]
[Result "1-0"]
[WhiteElo "2071"]
[BlackElo "1930"]
[PlyCount "81"]
[EventDate "2010.07.03"]

1. d4 d5 2. c4 e6 3. Nc3 c6 4. e3 Nf6 5. Nf3 Nbd7 6. Qc2 Bd6 7. Be2 O-O 8. O-O
dxc4 9. Bxc4 b5 10. Be2 Bb7 11. Rd1 Qe7 12. e4 e5 13. Bg5 h6 14. Bh4 Rac8 15.
Rac1 a6 16. dxe5 Nxe5 17. Nd4 Bb8 18. Nf5 Qe6 19. f4 Ng6 20. Bxf6 Qxf6 21. e5
Qe6 22. Rf1 Ne7 23. Ng3 c5 24. Rce1 c4 25. Bf3 Nd5 26. Nxd5 Bxd5 27. f5 Qc6 28.
f6 g6 29. Qd2 Rfd8 30. Qxh6 Qc5+ 31. Kh1 Qf8 32. Qh4 Rc5 33. Bxd5 Rdxd5 34. Nf5
Rxe5 35. Nh6+ Kh7 36. Nf5+ Kg8 37. Ne7+ Rxe7 38. fxe7 Qe8 39. Qf6 Rh5 40. h3
Bg3 41. Rd1 1-0

[Event "II Festival Francophone des Echecs"]
[Site "Arvier ITA"]
[Date "2010.07.05"]
[Round "3"]
[White "Coqueraut, Lodewyk"]
[Black "Cattaneo, Roger"]
[Result "0-1"]
[WhiteElo "1789"]
[BlackElo "1581"]
[PlyCount "100"]
[EventDate "2010.07.03"]

1. d4 d5 2. Nf3 Nf6 3. c4 c6 4. e3 e6 5. Bd3 dxc4 6. Bxc4 Bd6 7. Nc3 b5 8. Bd3
O-O 9. O-O Nbd7 10. e4 e5 11. d5 cxd5 12. Nxd5 Nxd5 13. exd5 a6 14. Bg5 f6 15.
Bh4 Bb7 16. Rc1 Nb6 17. Be4 Qd7 18. Bg3 f5 19. Bc2 e4 20. Bxd6 Qxd6 21. Ng5
Bxd5 22. Bb3 h6 23. Nh3 Rad8 24. Bxd5+ Qxd5 25. Qxd5+ Nxd5 26. a3 b4 27. a4 Nb6
28. Nf4 Rc8 29. b3 Rxc1 30. Rxc1 Rc8 31. Rxc8+ Nxc8 32. Nd5 a5 33. Kf1 Kf7 34.
Nc7 Na7 35. Ke2 Nc6 36. Ke3 g5 37. f3 exf3 38. gxf3 Kf6 39. Na6 Ke5 40. Nc5 f4+
41. Kd3 Kd5 42. Ne4 Ne5+ 43. Ke2 Kd4 44. Nd6 Kc3 45. Nb7 Kxb3 46. Nxa5+ Kxa4
47. Nb7 b3 48. Nc5+ Kb4 49. Ne4 b2 50. Nd2 Ka3 0-1

[Event "II Festival Francophone des Echecs"]
[Site "Arvier ITA"]
[Date "2010.07.05"]
[Round "3"]
[White "De Leeuw, Johannes"]
[Black "Chiarotto, Filippo"]
[Result "0-1"]
[WhiteElo "1888"]
[BlackElo "2097"]
[PlyCount "80"]
[EventDate "2010.07.03"]

1. e4 c5 2. Nf3 a6 3. c3 e6 4. d4 d5 5. exd5 exd5 6. Be3 c4 7. b3 cxb3 8. axb3
Nf6 9. Bd3 Bd6 10. O-O Bg4 11. Re1 O-O 12. Nbd2 Qc7 13. Qc2 Nbd7 14. Bg5 Rac8
15. Rac1 h6 16. Bxf6 Nxf6 17. Bf5 Rcd8 18. Bxg4 Nxg4 19. Nf1 Bf4 20. Rcd1 g6
21. g3 Bd6 22. Kg2 Rc8 23. Ne3 Nxe3+ 24. Rxe3 b5 25. Rdd3 a5 26. Nd2 Kg7 27.
Qb2 Qb7 28. Kg1 Ra8 29. Qa2 Rfc8 30. Qb2 h5 31. Re2 h4 32. Nf3 h3 33. Ng5 Rh8
34. f4 Qd7 35. Qd2 Qg4 36. Rf2 a4 37. bxa4 Rxa4 38. Nf3 Rha8 39. Qe3 R8a7 40.
Rf1 Ra2 0-1

[Event "II Festival Francophone des Echecs"]
[Site "Arvier ITA"]
[Date "2010.07.05"]
[Round "3"]
[White "Efimov, Igor"]
[Black "Yeuillaz, Corrado"]
[Result "1/2-1/2"]
[WhiteElo "2444"]
[BlackElo "2199"]
[PlyCount "49"]
[EventDate "2010.07.03"]

1. d4 g6 2. e4 Bg7 3. Nc3 d6 4. Be2 c6 5. Nf3 Nf6 6. O-O O-O 7. h3 Nbd7 8. e5
dxe5 9. dxe5 Nd5 10. Nxd5 cxd5 11. Bf4 e6 12. Re1 Qb6 13. Rb1 Qc7 14. Bf1 a6
15. Qd2 b5 16. c3 Bb7 17. Qe3 Qc5 18. Qxc5 Nxc5 19. Be3 Nd7 20. Bd4 Rfb8 21.
Nd2 Bf8 22. Nb3 Be7 23. f4 Bc6 24. Na5 Rc8 25. Ra1 1/2-1/2

[Event "II Festival Francophone des Echecs"]
[Site "Arvier ITA"]
[Date "2010.07.05"]
[Round "3"]
[White "Fossati, Remigio"]
[Black "Suba, Mihai"]
[Result "0-1"]
[WhiteElo "2233"]
[BlackElo "2454"]
[PlyCount "72"]
[EventDate "2010.07.03"]

1. d4 Nf6 2. c4 e6 3. Nc3 Bb4 4. e3 O-O 5. Nge2 d5 6. a3 Be7 7. cxd5 exd5 8.
Ng3 c5 9. Bd3 Nc6 10. dxc5 Bxc5 11. b4 Bb6 12. Na4 Bc7 13. Bb2 Ng4 14. Nf5 Nge5
15. Bc2 Bxf5 16. Bxf5 Qg5 17. Bh3 Nc4 18. b5 Nxb2 19. Nxb2 Ne7 20. Qd2 d4 21.
O-O Qxb5 22. exd4 Rad8 23. Rfd1 Bb6 24. a4 Qh5 25. Re1 Nc6 26. Qe2 Qxe2 27.
Rxe2 Nxd4 28. Re7 Nb3 29. Rb1 Na5 30. Nd1 Rd4 31. Nc3 Rfd8 32. Rbe1 Kf8 33. g3
Bc5 34. Rc7 Rc4 35. Nd5 g6 36. Kg2 Rxd5 0-1

[Event "II Festival Francophone des Echecs"]
[Site "Arvier ITA"]
[Date "2010.07.05"]
[Round "3"]
[White "Guillaumat, Jean-Pierre"]
[Black "Pierantoni, Mauro"]
[Result "1/2-1/2"]
[WhiteElo "1959"]
[BlackElo "1736"]
[PlyCount "78"]
[EventDate "2010.07.03"]

1. d4 e6 2. Nf3 Nf6 3. g3 b6 4. Bg2 Bb7 5. c4 d5 6. O-O Nbd7 7. cxd5 Bxd5 8.
Nc3 Bb7 9. Qd3 Bb4 10. Bf4 Bxc3 11. Qxc3 Nd5 12. Qd2 O-O 13. Rac1 Nxf4 14. Qxf4
Rc8 15. Rfd1 Nf6 16. a3 Qd6 17. Qd2 Rfd8 18. e3 Be4 19. Ne5 Bxg2 20. Kxg2 c5
21. Kg1 Ne4 22. Qe1 Ng5 23. h4 Qxe5 24. dxe5 Nf3+ 25. Kf1 Nxe1 26. Kxe1 Rd5 27.
f4 Rcd8 28. Ke2 Rxd1 29. Rxd1 Rxd1 30. Kxd1 Kf8 31. Kd2 Ke8 32. Kd3 Kd7 33. g4
Kc6 34. e4 b5 35. g5 g6 36. b3 a5 37. Kc3 a4 38. b4 c4 39. Kd4 Kd7 1/2-1/2

[Event "II Festival Francophone des Echecs"]
[Site "Arvier ITA"]
[Date "2010.07.05"]
[Round "3"]
[White "Marguerettaz, Davy"]
[Black "Labarthe, Arnaud"]
[Result "1/2-1/2"]
[WhiteElo "2092"]
[BlackElo "1883"]
[PlyCount "36"]
[EventDate "2010.07.03"]

1. d4 Nf6 2. Nf3 c5 3. c3 cxd4 4. cxd4 g6 5. Nc3 Bg7 6. e4 d6 7. h3 O-O 8. Be3
Nbd7 9. Qd2 e5 10. d5 Nc5 11. Qc2 a5 12. Be2 Nh5 13. O-O f5 14. Bxc5 dxc5 15.
Rfd1 fxe4 16. Nxe4 Bf5 17. d6 Nf4 18. Bf1 h6 1/2-1/2

[Event "II Festival Francophone des Echecs"]
[Site "Arvier ITA"]
[Date "2010.07.05"]
[Round "3"]
[White "Mongelli, Francesco Saverio"]
[Black "Manni, Stefano"]
[Result "1-0"]
[WhiteElo "1329"]
[BlackElo "1993"]
[PlyCount "59"]
[EventDate "2010.07.03"]

1. e4 e5 2. Nf3 Nc6 3. Bb5 Nf6 4. Nc3 Bd6 5. d3 O-O 6. Bg5 Nd4 7. Nxd4 exd4 8.
Nd5 c6 9. Nxf6+ gxf6 10. Bh6 Kh8 11. Bxf8 Bxf8 12. Bc4 d5 13. exd5 cxd5 14. Bb3
Bb4+ 15. Kf1 Be6 16. a3 Be7 17. c4 dxc3 18. bxc3 Qd6 19. c4 d4 20. Qf3 Rg8 21.
c5 Qxc5 22. Bxe6 fxe6 23. g3 b6 24. Kg2 Rc8 25. Rac1 Qxc1 26. Rxc1 Rxc1 27.
Qa8+ Kg7 28. Qxa7 Kf7 29. Qxb6 Bxa3 30. Qxd4 1-0

[Event "II Festival Francophone des Echecs"]
[Site "Arvier ITA"]
[Date "2010.07.05"]
[Round "3"]
[White "Montani, Riccardo"]
[Black "Bernard, Nicolas"]
[Result "1/2-1/2"]
[WhiteElo "1870"]
[BlackElo "2084"]
[PlyCount "56"]
[EventDate "2010.07.03"]

1. e4 d6 2. d4 Nf6 3. Nc3 g6 4. f4 Bg7 5. Nf3 O-O 6. Bd3 Na6 7. O-O c5 8. d5
Bg4 9. Bc4 Nc7 10. Qe1 Rb8 11. a4 a6 12. a5 Re8 13. Qh4 e6 14. dxe6 fxe6 15. e5
Bxf3 16. Rxf3 Nfd5 17. Qxd8 Rbxd8 18. exd6 Rxd6 19. Ne4 Rdd8 20. Kf2 Bf8 21.
Bxd5 Nxd5 22. c4 Nb4 23. Nf6+ Kf7 24. Nxe8 Kxe8 25. Be3 Nc6 26. Ke2 Kf7 27. Rd1
Rxd1 28. Kxd1 Nxa5 1/2-1/2

[Event "II Festival Francophone des Echecs"]
[Site "Arvier ITA"]
[Date "2010.07.05"]
[Round "3"]
[White "Mossong, Hubert"]
[Black "Biancotti, Alessandro"]
[Result "1-0"]
[WhiteElo "2170"]
[BlackElo "1895"]
[PlyCount "65"]
[EventDate "2010.07.03"]

1. e4 c5 2. Nc3 Nc6 3. Bb5 d6 4. Bxc6+ bxc6 5. f4 e6 6. d3 Ne7 7. Nf3 Ng6 8.
O-O Be7 9. Qe1 O-O 10. g3 Qb6 11. Na4 Qb4 12. b3 Qxe1 13. Rxe1 Bd7 14. e5 d5
15. c4 Rfd8 16. Ba3 Be8 17. Rad1 Nf8 18. Bxc5 Bxc5+ 19. Nxc5 Nd7 20. Nxd7 Bxd7
21. c5 Rdb8 22. Nd4 a5 23. a3 Kf8 24. Kf2 Ke7 25. Ke3 Be8 26. Kd2 Kd7 27. Kc3
Kc7 28. g4 Rb7 29. f5 Kd7 30. Re3 Rab8 31. Rf1 Ke7 32. Rh3 h6 33. f6+ 1-0

[Event "II Festival Francophone des Echecs"]
[Site "Arvier ITA"]
[Date "2010.07.05"]
[Round "3"]
[White "Petkov, Vladimir"]
[Black "Brun, Dario"]
[Result "1-0"]
[WhiteElo "2496"]
[BlackElo "2264"]
[PlyCount "51"]
[EventDate "2010.07.03"]

1. Nf3 d5 2. d4 Nf6 3. c4 c6 4. Nc3 e6 5. e3 Nbd7 6. Qc2 Bd6 7. Bd3 O-O 8. O-O
dxc4 9. Bxc4 b5 10. Bd3 Bb7 11. Rd1 Qe7 12. e4 e5 13. Bg5 Rfd8 14. a3 a5 15. h3
Rac8 16. dxe5 Nxe5 17. Nd4 g6 18. Bf1 h6 19. Bh4 Bc5 20. Nce2 Nc4 21. e5 Qxe5
22. Nf3 Qe7 23. Ng3 Rxd1 24. Rxd1 Bd6 25. Bxc4 bxc4 26. Bxf6 1-0

[Event "II Festival Francophone des Echecs"]
[Site "Arvier ITA"]
[Date "2010.07.05"]
[Round "3"]
[White "Scalcione, Michelangelo"]
[Black "Barletta, Mauro"]
[Result "1-0"]
[WhiteElo "2352"]
[BlackElo "2212"]
[PlyCount "71"]
[EventDate "2010.07.03"]

1. d4 d5 2. Nf3 Nc6 3. Bg5 Bg4 4. Nbd2 f6 5. Bf4 Qd7 6. c3 O-O-O 7. h3 Bxf3 8.
Nxf3 e5 9. dxe5 Qf5 10. Bg3 d4 11. Qd3 Qe6 12. Nxd4 Nxd4 13. cxd4 Bb4+ 14. Kd1
Ne7 15. exf6 gxf6 16. e3 Nc6 17. Be2 Kb8 18. a3 Bc5 19. Bg4 Qe7 20. Re1 Rhe8
21. Kc2 Ne5 22. Qc3 Nxg4 23. Qxc5 Qe4+ 24. Kb3 Ne5 25. dxe5 b6 26. f3 Qg6 27.
Qc4 Qxg3 28. exf6 Qxg2 29. Rac1 c5 30. Qf4+ Ka8 31. f7 Rf8 32. Red1 Qg7 33.
Rxd8+ Rxd8 34. Rd1 Rf8 35. Qe4+ Kb8 36. Rd7 1-0

[Event "II Festival Francophone des Echecs"]
[Site "Arvier ITA"]
[Date "2010.07.05"]
[Round "3"]
[White "Xia, Jie"]
[Black "Arnaudov, G. Petar"]
[Result "1/2-1/2"]
[WhiteElo "2201"]
[BlackElo "2423"]
[PlyCount "25"]
[EventDate "2010.07.03"]

1. d4 Nf6 2. Nf3 e6 3. Bg5 h6 4. Bxf6 Qxf6 5. e4 d6 6. Nc3 Bd7 7. Qd2 g5 8. e5
dxe5 9. Nxe5 Bc6 10. Bb5 Bxb5 11. Nxb5 Na6 12. O-O-O c6 13. Qe2 1/2-1/2

[Event "II Festival Francophone des Echecs"]
[Site "Arvier ITA"]
[Date "2010.07.05"]
[Round "4"]
[White "Aral, Simone"]
[Black "De Leeuw, Johannes"]
[Result "1/2-1/2"]
[WhiteElo "1449"]
[BlackElo "1888"]
[PlyCount "103"]
[EventDate "2010.07.03"]

1. d4 d5 2. c4 e6 3. Nc3 Nf6 4. Nf3 Nbd7 5. e3 Be7 6. Bd3 O-O 7. O-O dxc4 8.
Bxc4 c5 9. b3 b6 10. Bb2 Bb7 11. dxc5 Nxc5 12. Be2 Qxd1 13. Rfxd1 Rfd8 14. Ne5
Kf8 15. h3 Rac8 16. Rxd8+ Rxd8 17. Rd1 Rxd1+ 18. Bxd1 Bd6 19. Nc4 Bb8 20. Bc2
h6 21. Nb5 Ne8 22. Be5 Bxe5 23. Nxe5 a6 24. Nc3 Ke7 25. Kf1 Nd6 26. f3 b5 27.
b4 Nd7 28. Nxd7 Kxd7 29. Bb3 Nf5 30. Kf2 Ne7 31. Ke2 Kd6 32. a4 Bc6 33. axb5
Bxb5+ 34. Nxb5+ axb5 35. Kd3 f5 36. f4 g5 37. g3 Nc6 38. Kc3 e5 39. Bc2 Ne7 40.
Bb3 exf4 41. gxf4 gxf4 42. exf4 Ng6 43. Bc2 Nxf4 44. Bxf5 Nd5+ 45. Kb3 Ne3 46.
Bc8 Nd5 47. Bf5 Ke5 48. Bd7 Nc7 49. Kc3 Ke4 50. Bc6+ Ke3 51. Bd7 Nd5+ 52. Kb3
1/2-1/2

[Event "II Festival Francophone des Echecs"]
[Site "Arvier ITA"]
[Date "2010.07.05"]
[Round "4"]
[White "Arnaudov, G. Petar"]
[Black "Scalcione, Michelangelo"]
[Result "1/2-1/2"]
[WhiteElo "2423"]
[BlackElo "2352"]
[PlyCount "99"]
[EventDate "2010.07.03"]

1. d4 d6 2. Nf3 Bg4 3. c4 Nd7 4. Nc3 Ngf6 5. g3 Bxf3 6. exf3 e5 7. Bg2 exd4 8.
Qxd4 Be7 9. f4 c6 10. f5 Qa5 11. Bf4 Qxf5 12. O-O O-O 13. Rad1 Nb6 14. Rfe1
Rfe8 15. b3 Rad8 16. a4 Nc8 17. Qd3 Qxd3 18. Rxd3 Bf8 19. Red1 Nd7 20. Ne4 Ne5
21. R3d2 Rd7 22. Bh3 Rdd8 23. Bxe5 Rxe5 24. Bxc8 Rxc8 25. Nxd6 Rb8 26. Kf1 g6
27. Re2 Re7 28. Rxe7 Bxe7 29. Ne4 f5 30. Rd7 Kf8 31. Nd6 Bxd6 32. Rxd6 Ke7 33.
c5 a5 34. Ke2 Rd8 35. Rxd8 Kxd8 36. Ke3 Ke7 37. Kd4 Ke6 38. f4 Kf6 39. h4 h6
40. Kc3 g5 41. h5 gxf4 42. gxf4 Ke6 43. Kc4 Kd7 44. b4 axb4 45. Kxb4 Kd8 46.
Kb3 Kd7 47. Kc3 Ke7 48. Kd3 Kd7 49. Kc4 Ke6 50. Kd4 1/2-1/2

[Event "II Festival Francophone des Echecs"]
[Site "Arvier ITA"]
[Date "2010.07.05"]
[Round "4"]
[White "Barletta, Mauro"]
[Black "Mossong, Hubert"]
[Result "1-0"]
[WhiteElo "2212"]
[BlackElo "2170"]
[PlyCount "111"]
[EventDate "2010.07.03"]

1. e4 c5 2. c3 Nf6 3. e5 Nd5 4. d4 cxd4 5. cxd4 e6 6. Nf3 b6 7. Nc3 Nxc3 8.
bxc3 Qc7 9. Bd2 Be7 10. Bd3 Ba6 11. Bxa6 Nxa6 12. Qe2 Qb7 13. O-O O-O 14. Rfe1
Nc7 15. Ng5 f6 16. exf6 gxf6 17. Ne4 Kh8 18. c4 Rg8 19. g3 f5 20. d5 Rg6 21.
Bc3+ Kg8 22. d6 Qxe4 23. Qxe4 fxe4 24. dxe7 Kf7 25. Rxe4 Kxe7 26. Rd1 Na6 27.
Be5 Rag8 28. Red4 Rd8 29. Bd6+ Kf7 30. R1d3 Rg5 31. Bf4 Ra5 32. Rxd7+ Rxd7 33.
Rxd7+ Kf6 34. Rxa7 Rxa2 35. Be3 h5 36. h4 Nb4 37. Rxa2 Nxa2 38. Bxb6 Nb4 39.
Kf1 Kf5 40. Ke2 e5 41. Kd2 Ke4 42. Ke2 Nc6 43. f3+ Kf5 44. Ke3 Nb4 45. Bc5 Nc6
46. Bd6 Na5 47. Kd3 Nc6 48. Bc5 Na5 49. Bf2 Nc6 50. c5 Na5 51. g4+ hxg4 52.
fxg4+ Kxg4 53. Ke4 Nc6 54. Kd5 Nb4+ 55. Kxe5 Nd3+ 56. Kd5 1-0

[Event "II Festival Francophone des Echecs"]
[Site "Arvier ITA"]
[Date "2010.07.05"]
[Round "4"]
[White "Belabbas, Abdellah"]
[Black "Guillaumat, Jean-Pierre"]
[Result "1-0"]
[WhiteElo "1873"]
[BlackElo "1959"]
[PlyCount "99"]
[EventDate "2010.07.03"]

1. d4 Nf6 2. f3 d5 3. e4 dxe4 4. Nc3 e3 5. Bc4 c6 6. Bxe3 g6 7. Qd2 Bg7 8. Nge2
Qa5 9. Bh6 O-O 10. Bxg7 Kxg7 11. h4 Nbd7 12. O-O-O Nb6 13. Bb3 h5 14. Qe3 Bd7
15. Qxe7 Rae8 16. Qd6 Be6 17. Qc7 Bxb3 18. axb3 Qa6 19. Kd2 Nbd5 20. Qh2 Qb6
21. Qd6 Rd8 22. Nxd5 Nxd5 23. Qe5+ f6 24. Qg3 Rfe8 25. Rhe1 f5 26. Kc1 Kf7 27.
c4 Ne7 28. Rd3 Qb4 29. Nf4 Qd6 30. Rde3 Qf6 31. Re6 Qg7 32. Qg5 Rd7 33. d5 cxd5
34. cxd5 Rc8+ 35. Kb1 Nxd5 36. Nxd5 Kf8 37. Rf6+ Rf7 38. Re7 Qxf6 39. Nxf6 Kxe7
40. Nxh5+ Kf8 41. Qxg6 Rc6 42. Qg5 Ke8 43. Ng7+ Kd7 44. Nxf5 Rff6 45. h5 Rce6
46. g4 Re1+ 47. Kc2 Rc6+ 48. Kd2 Rec1 49. Qe7+ Kc8 50. Nd6+ 1-0

[Event "II Festival Francophone des Echecs"]
[Site "Arvier ITA"]
[Date "2010.07.05"]
[Round "4"]
[White "Bernard, Nicolas"]
[Black "Marguerettaz, Davy"]
[Result "0-1"]
[WhiteElo "2084"]
[BlackElo "2092"]
[PlyCount "100"]
[EventDate "2010.07.03"]

1. d4 d5 2. Nf3 Nf6 3. c4 c6 4. Qc2 dxc4 5. Qxc4 Bf5 6. Nc3 e6 7. g3 Be7 8. Bg2
O-O 9. Qb3 Qb6 10. Qxb6 axb6 11. O-O b5 12. Bf4 b4 13. Nd1 Nbd7 14. Ne3 Bg6 15.
Nc4 Ra6 16. Nfe5 Rfa8 17. Nxg6 hxg6 18. Bd6 Bxd6 19. Nxd6 Rxa2 20. Rxa2 Rxa2
21. Rb1 c5 22. dxc5 Nxc5 23. Bxb7 Nxb7 24. Nxb7 Ne4 25. f3 Nd2 26. Rd1 Rxb2 27.
Nc5 Rc2 28. Nd3 b3 29. Nb4 Rc4 30. Rxd2 Rxb4 31. Rb2 Kf8 32. Kf2 Ke7 33. Ke3
Kd6 34. Kd3 Kc5 35. Kc3 Rc4+ 36. Kxb3 Rb4+ 37. Kc3 Rxb2 38. Kxb2 Kd4 39. Kc2
Ke3 40. Kd1 Kf2 41. g4 Kg2 42. Kd2 Kxh2 43. Ke3 Kg3 44. g5 f5 45. gxf6 gxf6 46.
Ke4 g5 47. Kd3 f5 48. Kd4 g4 49. fxg4 fxg4 50. Ke3 Kh2 0-1

[Event "II Festival Francophone des Echecs"]
[Site "Arvier ITA"]
[Date "2010.07.05"]
[Round "4"]
[White "Brun, Dario"]
[Black "Cattaneo, Roger"]
[Result "1-0"]
[WhiteElo "2264"]
[BlackElo "1581"]
[PlyCount "50"]
[EventDate "2010.07.03"]

1. d4 d5 2. Nf3 Nf6 3. e3 e6 4. Bd3 Nbd7 5. O-O c5 6. b3 Bd6 7. Bb2 O-O 8. Nbd2
b6 9. Ne5 Qc7 10. f4 Ne8 11. Qh5 f5 12. Rf3 Ndf6 13. Qh4 Bxe5 14. fxe5 Ne4 15.
Nxe4 dxe4 16. Bxe4 fxe4 17. Rxf8+ Kxf8 18. Qxh7 Ke7 19. Rf1 Kd8 20. Qxe4 Bb7
21. Qg6 Qd7 22. c4 a5 23. Rf7 Qc6 24. d5 exd5 25. e6 Bc8 1-0

[Event "II Festival Francophone des Echecs"]
[Site "Arvier ITA"]
[Date "2010.07.05"]
[Round "4"]
[White "Cavatorta, Fosco"]
[Black "Bosticardo, Tommaso"]
[Result "1-0"]
[WhiteElo "1965"]
[BlackElo "1553"]
[PlyCount "73"]
[EventDate "2010.07.03"]

1. d4 d5 2. Nf3 Nf6 3. e3 Bf5 4. c4 e6 5. Qb3 Qc8 6. Nc3 c6 7. Nh4 Bg6 8. Nxg6
fxg6 9. cxd5 exd5 10. Bd2 Bd6 11. Rc1 Nbd7 12. Be2 Nb6 13. a4 Qd7 14. a5 Nc8
15. O-O Qf7 16. f4 O-O 17. e4 c5 18. e5 cxd4 19. Nb5 Ne4 20. Qd3 Bb8 21. Bb4
Rd8 22. Nxd4 Ne7 23. g4 a6 24. Kg2 Ba7 25. Rc7 Re8 26. e6 Qf6 27. Rxb7 Bxd4 28.
Bxe7 Rxe7 29. Rxe7 Qxe7 30. Qxd4 Qxe6 31. f5 gxf5 32. Rxf5 Nf6 33. Re5 Qc6 34.
g5 Ne4 35. Qxd5+ Qxd5 36. Rxd5 Rf8 37. Bxa6 1-0

[Event "II Festival Francophone des Echecs"]
[Site "Arvier ITA"]
[Date "2010.07.05"]
[Round "4"]
[White "Chiarotto, Filippo"]
[Black "Efimov, Igor"]
[Result "0-1"]
[WhiteElo "2097"]
[BlackElo "2444"]
[PlyCount "64"]
[EventDate "2010.07.03"]

1. e4 c6 2. d4 d5 3. Nc3 dxe4 4. Nxe4 Nf6 5. Nxf6+ gxf6 6. Bc4 Bf5 7. Ne2 e6 8.
Bf4 Qb6 9. Bb3 h5 10. Qd2 h4 11. h3 a5 12. c3 Nd7 13. Rd1 Rg8 14. g4 Bg6 15.
Qe3 Be7 16. Rd2 Qa6 17. Kd1 Nb6 18. Qf3 a4 19. Bc2 Nc4 20. Bxg6 Nxd2 21. Bxf7+
Kxf7 22. Bxd2 Qb5 23. Kc2 Qd5 24. Qxd5 cxd5 25. Re1 Rgc8 26. Nf4 Ra6 27. Kd3
Rb6 28. Bc1 a3 29. b3 Rxc3+ 30. Kxc3 Bb4+ 31. Kd3 Bxe1 32. Bxa3 Ra6 0-1

[Event "II Festival Francophone des Echecs"]
[Site "Arvier ITA"]
[Date "2010.07.05"]
[Round "4"]
[White "Dritsakos, Alessio"]
[Black "Montani, Riccardo"]
[Result "1-0"]
[WhiteElo "1930"]
[BlackElo "1870"]
[PlyCount "69"]
[EventDate "2010.07.03"]

1. e4 c5 2. Nc3 Nc6 3. g3 g6 4. Bg2 Rb8 5. d3 b5 6. Bf4 d6 7. a3 Bg7 8. Qd2 e6
9. Nge2 b4 10. axb4 Rxb4 11. b3 h5 12. h4 Nge7 13. O-O d5 14. Ra3 d4 15. Na4 e5
16. Nxc5 exf4 17. Nxf4 Qd6 18. Na4 Bh6 19. Rfa1 Rb8 20. Nb2 Bxf4 21. gxf4 Qf6
22. Nc4 Qxh4 23. Nd6+ Kf8 24. b4 Qg4 25. b5 Qe6 26. Nxc8 Rxc8 27. bxc6 h4 28.
Qb4 h3 29. Bf3 h2+ 30. Kh1 Rxc6 31. Rxa7 Qf6 32. Rxe7 Rb6 33. Re6+ Rxb4 34.
Rxf6 Rb2 35. Rc6 1-0

[Event "II Festival Francophone des Echecs"]
[Site "Arvier ITA"]
[Date "2010.07.05"]
[Round "4"]
[White "Labarthe, Arnaud"]
[Black "Manni, Stefano"]
[Result "0-1"]
[WhiteElo "1883"]
[BlackElo "1993"]
[PlyCount "64"]
[EventDate "2010.07.03"]

1. e4 e5 2. Bc4 Nc6 3. d3 Na5 4. Bxf7+ Kxf7 5. Qh5+ Ke6 6. Qf5+ Kd6 7. d4 Qe8
8. Nf3 g6 9. Qh3 Bg7 10. O-O Ke7 11. dxe5 d6 12. Qh4+ Kf8 13. exd6 cxd6 14.
Qf4+ Nf6 15. Qxd6+ Qe7 16. Qf4 Qxe4 17. Qc7 Nc6 18. Re1 Qd5 19. Nc3 Qd7 20. Qf4
Kg8 21. Qc4+ Qf7 22. Qb5 h6 23. Bf4 Kh7 24. Rad1 Bg4 25. Re3 Rhe8 26. Rde1 Rxe3
27. Rxe3 Bxf3 28. Rxf3 Nd4 29. Qd3 Nxf3+ 30. Qxf3 Rc8 31. b3 Nh5 32. Bd2 Bxc3
0-1

[Event "II Festival Francophone des Echecs"]
[Site "Arvier ITA"]
[Date "2010.07.05"]
[Round "4"]
[White "Pierantoni, Mauro"]
[Black "Anfuso, Luigi"]
[Result "1-0"]
[WhiteElo "1736"]
[BlackElo "1790"]
[PlyCount "77"]
[EventDate "2010.07.03"]

1. b4 d5 2. Bb2 Nf6 3. b5 c6 4. a4 Bf5 5. e3 Nbd7 6. Nf3 h6 7. Nd4 Bg4 8. f3
Bh5 9. bxc6 bxc6 10. Nxc6 Qb6 11. Bxf6 Nxf6 12. Nd4 a6 13. Nc3 e6 14. Qb1 Qc7
15. Bd3 Bd6 16. f4 O-O 17. O-O Bc5 18. Nce2 Bxe2 19. Nxe2 e5 20. fxe5 Qxe5 21.
Rf5 Qd6 22. Qf1 Ne4 23. Bxe4 dxe4 24. Rd1 Bb6 25. c3 Bc7 26. g3 Qc6 27. Ra1
Rab8 28. Nd4 Qb6 29. a5 Qg6 30. Kg2 h5 31. Rc5 Bd6 32. Rd5 Rb2 33. Nf5 Rd8 34.
Rxd6 Qxd6 35. Nxd6 Rxd2+ 36. Kg1 R8xd6 37. Qf5 Re2 38. Qxe4 Rdd2 39. Rb1 1-0

[Event "II Festival Francophone des Echecs"]
[Site "Arvier ITA"]
[Date "2010.07.05"]
[Round "4"]
[White "Suba, Mihai"]
[Black "Astengo, Marcello"]
[Result "1-0"]
[WhiteElo "2454"]
[BlackElo "2071"]
[PlyCount "76"]
[EventDate "2010.07.03"]

1. Nf3 Nf6 2. c4 c6 3. Nc3 d5 4. e3 e6 5. d4 Nbd7 6. Be2 a6 7. O-O dxc4 8. a4
Nd5 9. Bxc4 N7f6 10. Re1 Be7 11. e4 Nxc3 12. bxc3 O-O 13. a5 b5 14. axb6 Qxb6
15. Bg5 Re8 16. Qa4 Nd7 17. e5 Qc7 18. Bxe7 Rxe7 19. Ng5 c5 20. Qc2 g6 21. Qd3
Bb7 22. Bxa6 Rxa6 23. Rxa6 Bxa6 24. Qxa6 cxd4 25. cxd4 Qc3 26. Nf3 Re8 27. Qd6
Nf8 28. h4 h6 29. Rb1 Qc2 30. Qb4 Ra8 31. Qe1 Ra2 32. Rc1 Qb2 33. Qe3 Kg7 34.
Rc7 Qb1+ 35. Kh2 Qf5 36. g3 Nh7 37. d5 Ra1 38. Nd4 Qb1 1-0